50 Family Guy Characters - Statistics

General Stats
  • This quiz has been taken 473 times
  • The average score is 17 of 50
Answer Stats
Character % Correct
Peter Griffin
99%
Meg Griffin
98%
Lois Griffin
97%
Stewie Griffin
97%
Brian Griffin
96%
Chris Griffin
94%
Glenn Quagmire
94%
Cleveland Brown
90%
Cleveland Brown Jr.
90%
Joe Swanson
89%
Bonnie Swanson
65%
Carter Pewterschmidt
45%
Loretta Brown
44%
Tom Tucker
44%
Adam West
42%
Herbert
41%
Mort Goldman
39%
Al Harrington
31%
Donna Tubbs
31%
Diane Simmons
28%
Dr. Hartman
23%
Kevin Swanson
23%
Seamus
23%
Angela
22%
Barbara Pewterschmidt
21%
Neil Goldman
21%
Tricia Takinawa
21%
Connie D’Amico
20%
Evil Monkey
15%
Opie
15%
Rupert
15%
Bruce
13%
Jillian Russell-Wilcox
13%
Jesus Christ
12%
Bertram Griffin
11%
Ernie
11%
God
11%
Jake Tucker
11%
Jasper
9%
Kool-Aid Man
8%
Jim Kaplan
7%
Buzz Killington
5%
Mickey McFinnigan
5%
Jonathan Weed
4%
Luke Skywalker
4%
Nate Griffin
4%
Marguerite
3%
Stanford Cordray
3%
Tomik
3%
Bellgarde
2%
No matching quizzes found
Score Distribution
Percent of People with Each Score
Percentile by Number Answered
Your Score History
You have not taken this quiz